| 000 | 01072ntm a2200253 i 4500 | ||
|---|---|---|---|
| 001 | 169503 | ||
| 003 | ES-MaACL | ||
| 005 | 20240527213112.0 | ||
| 008 | 081002m17401763sp |||| | cat d | ||
| 040 | _cES-MaACL | ||
| 245 | 0 | 0 |
_aBrev descripcio, y recopilacio de las funcions memorabbles que se han exscutat en esta ciutat de Barcelona y acasos es debinguts en ella ; contenint desde lo any 1740 en avant _h[Manuscrito]. |
| 260 | _c1740-1763. | ||
| 300 |
_a[142] páginas ; _c16 cm. |
||
| 500 | _aEn la primera página: Franciscus Bal | ||
| 505 | _aRelación cronológica de acontecimientos nacionales e internacionales | ||
| 530 | _aDisponible en formato digital | ||
| 546 | _aTexto en catalán. | ||
| 651 | 4 |
_aBarcelona- _xDescripción. _9160866 |
|
| 852 |
_aES-MaACL _cDEPO _dOlim: D-491 _jR-3487 _xPergamino |
||
| 856 |
_uhttps://bvpb.mcu.es/es/consulta/registro.do?id=577740 _yVersión en línea _z(Biblioteca Virtual del Patrimonio Bibliográfico) |
||
| 942 |
_cMANUSCRITO _n0 |
||
| 999 |
_c169503 _d169503 |
||